000 01921nam a2200253Ia 4500
003 Ost
005 20260507075334.0
008 260507s9999||||xx |||||||||||||| ||und||
020 _a96153299579
040 _cfsecg
041 _aara
082 _a330
100 _aالقهيوي، ليث عبد الله
_eمؤلف
245 0 _aالشراكة بين مشاريع القطاعين العام و الخاص :
_bالاطار النظري و التطبيق العملي /
_c ليث عبد الله القهيوي
260 _aعمان:
_bدار الحامد,
_c2012
300 _a240 صفحة؛
_c25 سم
504 _aفهرس الاشكال ص.13
520 _aمقدمة للشراكة بين القطاعين العام و الخاص و تحليل الشراكة و مراحلها ، طلب الشراكة بين القطاعين العام و الخاص و الخطوات اللازمة لذلك ، الشريك الخاص ، ادارة عقود الشراكة ، ادارة مشاريع الشراكة بين القطاعين بالتطرق الى : ادارة المخاطر ، السياسات و القوانين الجديدة و المجددة ، الادارة المالية ، الموافقات الحكومية ، الاتصال و الاعلام و مشاكل أصحاب المصلحة و ادارة العلاقات ، ادارة الموارد البشرية و فض النزاعات ، ادارة المعرفة على مستوى المشروع و على المستوى الوطني ، مراجعة مشاريع الشراكة بين هذين القطاعين ، مفهوم الشراكة بين القطاعين العام و الخاص في مجال المسؤولية الاجتماعية
653 _aالشراكة
653 _aالقطاع الخاص
653 _aالقطاع العام
700 _aالوادي، بلال محمود
_eمؤلف ثانوي
942 _cكتاب
999 _c44031
_d44031